| 000 | 00832cab a22001935a 4500 | ||
|---|---|---|---|
| 001 | L138121 | ||
| 008 | 070517s2007 xxk f 000 0 eng d | ||
| 035 | _a(Sirsi) u138121 | ||
| 041 | 0 | _aeng | |
| 100 | 1 | _aLane, David | |
| 245 | 0 | 0 | _aOutsourcing in Europe |
| 260 | _c2007 | ||
| 490 | 0 |
_aLovells Real Estate Quarterly _vMay 2007 |
|
| 520 | _aDiscusses the motivations for outsourcing, and recent transactions and business drivers relating to real estate outsourcing in the UK. Argues that pan-European transactions in particular can give exposure to a number of economies at once. Reports that international transactions are becoming more prevalent with increased internationalisation of capital. | ||
| 590 | _aKA | ||
| 651 | 4 | _aEUROPE | |
| 690 | _aPROPERTY-COMMERCIAL PROPERTY-COMMERCIAL PROPERTY MANAGEMENT | ||
| 942 | _n0 | ||
| 999 |
_c107010 _d107010 |
||